00437 2200169 4500001002100000008004100021035002000062245004900082100001800131260002400149300002600173020002200199084001400221082000800235990001200243990001200255INLIS000000000001464 Ind  a0010-1024000017 aSeri Tokoh Islam : Raden FatahcAhmad Nawawi aNawawi, Ahmad aJakartabEmirc2022 a56 hlm.c14,5 x 21 cm a978-623-6698-18-1 a922 AHM s a922 a0753724 a0753725